Literature by Wikipedia Descriptions - Statistics

General Stats
  • This quiz has been taken 9 times
  • The average score is 6 of 12
Answer Stats
Hint Answer % Correct
The play depicts [a man] and his attempts to exact revenge against his uncle, Claudius, who has murdered [his] father in order to seize his throne and marry [his] mother. Hamlet
100%
The first-person narrator Nick Carraway's interactions with Jay Gatsby, a mysterious millionaire obsessed with reuniting with his former lover, Daisy Buchanan. The Great Gatsby
100%
In the poem, Hell is depicted as nine concentric circles of torment located within the Earth; it is the "realm [...] of those who have rejected spiritual values by yielding to bestial appetites or violence, or by perverting their human intellect to fraud or malice against their fellowmen Inferno
86%
. It tells of a distraught lover who is paid a visit by a mysterious raven that repeatedly speaks a single word. The lover, often identified as a student,[1][2] is lamenting the loss of his love, Lenore The raven
71%
The story centres on an extramarital affair between Anna and cavalry officer Count Alexei Kirillovich Vronsky that scandalises the social circles of Saint Petersburg and forces the young lovers to flee to Italy in pursuit of happiness, but after they return to Russia, their lives further unravel. Anna Karenina
57%
This text write about the multi-generational story of the Buendía family, whose patriarch, José Arcadio Buendía, founded the fictitious town of Macondo One Hundred Years of Solitude
57%
is a 1953 play by the American playwright Arthur Miller. It is a dramatized and partially fictionalized[1] story of the Salem witch trials that took place in the Province of Massachusetts Bay from 1692 to 1693 The Crucible
43%
This is a Southern gothic short story first published in 1953 by author Flannery O'Connor who, in her own words, described it as "the story of a family of six which, on its way driving to Florida [from Georgia], is slaughtered by an escaped convict who calls himself the Misfit A Good Man is Hard to Find
14%
This book is is a stark tale of a love affair between a Tokyo dilettante and a provincial geisha that takes place in the remote hot spring (onsen) town of Yuzawa.[1] (Kawabata did not mention the name of the town in his novel Snow Country
14%
This book centers around Quentin, Benjy, Jason, and Caddy Compson as their wealthy Mississippi family descends into chaos and disorder. Each of the siblings have unique problems that impact the others, such as Benjy's mental disability, Caddy's promiscuity, Quentin's anger, and Jason's impulsiveness The Sound and the Fury
14%
Among its famous phrases are "April is the cruellest month", "I will show you fear in a handful of dust", and "These fragments I have shored against my ruins".[6] The Wasteland
14%
The book attempts to explain why Eurasian and North African civilizations have survived and conquered others, while arguing against the idea that Eurasian hegemony is due to any form of Eurasian intellectual, moral, or inherent genetic superiority. Guns, Germs, and Steel
0%
No matching quizzes found
Score Distribution
Percent of People with Each Score
Percentile by Number Answered
Your Score History
You have not taken this quiz